000 01052nam a2200241 i 4500
001 74565
003 ES-MaACL
005 20250406125832.0
007 t|
008 040920s1929 sp |||| | spa d
100 1 _aGonzález Quijano, Pedro M.
_958891
245 1 3 _aLa ciencia en la civilización moderna
_b: discurso leído en la sesión inaugural del curso académico de 1929-30 /
_cPedro Miguel González Quijano.
260 _aMadrid :
_b[s.n.,
_c1929] (
_fGráf. Reunidas)
300 _a78 p. ;
_c24 cm.
500 _aPrecede al tít.: Real Academia de Ciencias Exactas Físicas y Naturales.
530 _aDisponible en formato digital.
650 0 4 _aCiencia-
_yS.XX.
_910964
710 2 _aReal Academia de Ciencias Exactas, Físicas y Naturales de España.
_9175635
852 _aES-MaACL
_j1732-F-1
_cDEPOF
_zRevisado enlace: 06 de Abril de 2025
_977372
856 _uhttp://www.rac.es/ficheros/Discursos/DI_20080825_079.pdf
_yReal Academia de Ciencias Exactas, Físicas y Naturales
942 _2udc
999 _c74565
_d74565